Statistiques concernant Villes de Côte-d'Or de plus de 10 000 hab

Cliquez ici pour prendre le quiz!

Statistiques générales

  • Ce quiz a été pris 33 fois
  • Le résultat moyen est 3 sur 5

Statistiques - réponses

VillePopulation% Correct
Dijon161 266
100%
Beaune19 261
87%
Chenôve14 707
61%
Talant12 146
42%
Chevigny-Saint-Sauveur10 651
29%

Distribution des résultats

Percentile par nombre de réponses

% des personnes avec chaque résultat

Votre développement - résultats

Vous n’avez pas pris ce quiz